El Arte y la industria en la Exposición Universal de París de 1900 / por Ginés Codina Sert ...
Descripción Física:
222 p. ; 27 cm
Materias:
Exposició Universal de París (1900)
MARC
| LEADER | 00000nam a2200000Ia 4500 | ||
|---|---|---|---|
| 001 | 11633 | ||
| 008 | 160829s1901 xx 000 0 cat d | ||
| 080 | |a C-2-49 | ||
| 100 | |a Codina Sert, Ginés |9 34169 | ||
| 245 | |a El Arte y la industria en la Exposición Universal de París de 1900 / por Ginés Codina Sert ... | ||
| 260 | |a Barcelona : |b (Imp. de Henrich y Cia.), |c 1901 | ||
| 300 | |a 222 p. ; |c 27 cm | ||
| 650 | |a Exposició Universal de París (1900) |9 34170 | ||
| 901 | |a Arxiu | ||
| 942 | |n 1 | ||
| 952 | |0 0 |1 0 |4 0 |6 C249 |7 1 |9 46409 |a Arxiu |b Arxiu |d 2016-12-01 |l 0 |o C-2-49 |p 11633 |r 2016-12-01 00:00:00 |w 2016-12-01 |y ARXIU | ||
| 999 | |c 50194 |d 50194 | ||